LEADER 00769nam0-2200229 --450 001 9910220850003321 005 20171020131750.0 100 $a20171020d1912----km y0itay50 ba 101 0 $aita 102 $aIT 105 $ay 001yy 200 1 $a<>arte in Santa Maria Maggiore di Guardiagrele$ediscorso pronunciato il 4 agosto 1912 inaugurandosi la restaurata prospettiva interna del tempio$fFilippo Ferrari 210 $aGuardiagrele$cA. G. Palmerio$d1912 215 $a24 p.$d24 cm 700 1$aFerrari,$bFilippo$f<1570?-1626>$0329338 801 0$aIT$bUNINA$gREICAT$2UNIMARC 901 $aBK 912 $a9910220850003321 952 $aMM 140$b2744$fDINED 959 $aDINED 996 $aArte in Santa Maria Maggiore di Guardiagrele$91495017 997 $aUNINA LEADER 01747oam 2200457M 450 001 9910716288103321 005 20200213071005.4 035 $a(CKB)5470000002519240 035 $a(OCoLC)1065636448 035 $a(OCoLC)995470000002519240 035 $a(EXLCZ)995470000002519240 100 $a20071213d1926 ua 0 101 0 $aeng 135 $aurcn||||||||| 181 $ctxt$2rdacontent 182 $cc$2rdamedia 183 $acr$2rdacarrier 200 10$aProviding for expenses of the office of recorder of deeds and register of wills of the District of Columbia. March 27, 1926. -- Ordered to be printed 210 1$a[Washington, D.C.] :$c[U.S. Government Printing Office],$d1926. 215 $a1 online resource (3 pages) 225 1 $aSenate report / 69th Congress, 1st session. Senate ;$vno. 490 225 1 $a[United States congressional serial set ] ;$v[serial no. 8525] 300 $aBatch processed record: Metadata reviewed, not verified. Some fields updated by batch processes. 300 $aFDLP item number not assigned. 606 $aFees, Administrative 606 $aLegislative amendments 607 $aWashington (D.C.)$xPolitics and government 608 $aLegislative materials.$2lcgft 615 0$aFees, Administrative. 615 0$aLegislative amendments. 701 $aCapper$b Arthur$f1865-1951$pRepublican (KS)$01386839 801 0$bWYU 801 1$bWYU 801 2$bOCLCO 801 2$bOCLCQ 801 2$bOCLCO 801 2$bOCLCQ 906 $aBOOK 912 $a9910716288103321 996 $aProviding for expenses of the office of recorder of deeds and register of wills of the District of Columbia. March 27, 1926. -- Ordered to be printed$93475283 997 $aUNINA